000 00550nam a2200181Ia 4500
999 _c14636
_d14636
003 OSt
005 20201021115539.0
008 190216s9999||||xx |||||||||||||| ||und||
020 _a9780143419648
040 _coclc
082 _a823.0108092
_bSIN/L
100 _a Singh, Ravinder
_96024
245 0 _aLove Stories That Touched My Heart /
_cRavinder Singh
260 _bPenguin Books,
_c2012.
_aNew delhi:
300 _a251p
650 _aEnglish-Fiction English
942 _cBK
_2ddc
_h823.0108092
_iSIN/L
_k823.0108092
_mSIN/L